000 00810nas a2200265 4500
001 BR8403016
003 BR-BrBNA
005 20231205085934.0
007 ta
008 230509b bl.|||p| |||| 00| 00por d
040 _aBR-BrBNA
_bpor
_cBiblioteca Nacional de Agricultura
041 _a(Pt)
072 _aP05; E70; D50
100 1 _aGaudard, E.L.
245 1 _aOleo diesel a preco beneficiado e a industria pesqueira exportadora [Brasil]
650 _aOLEO DIESEL
650 _aPRECO
650 _aINDUSTRIA PESQUEIRA
650 _aCOMBUSTIVEL
650 _aPORTARIA
650 _aDECRETO
773 0 _tAtualidades do Conselho Nacional do Petroleo (Brazil)
_xISSN 0100-1471
_g(Sep-Oct-Nov 1984), v. 15(90) p. 10-12
_wBR8403016
909 _a202311
_bLúcia
_c55
_dLúcia Elande
942 _2AGRIS
_n0
_cANA
999 _c114956
_d114956